书目信息 |
| 题名: |
2019年全国政策性粮食库存大清查培训教材
|
|
| 作者: | 全国政策性粮食库存数量和质量大清查部际协调机制办公室 编著 | |
| 分册: | ||
| 出版信息: | 北京 中国海关出版社 2019.4 |
|
| 页数: | 228页 | |
| 开本: | 24cm | |
| 丛书名: | ||
| 单 册: | ||
| 中图分类: | D922.44 | |
| 科图分类: | ||
| 主题词: | 粮食--库存--检查--中国--教材 | |
| 电子资源: | ||
| ISBN: | 978-7-5175-0356-9 | |
| 000 | 01235nam0 2200229 45 | |
| 001 | 012001006190 | |
| 005 | 20131016083459.0 | |
| 010 | @a978-7-5175-0356-9@dCNY38.00 | |
| 100 | @a20190508d2019 em y0chiy0110 ea | |
| 101 | 0 | @achi |
| 102 | @aCN@b110000 | |
| 105 | @ay z 000yy | |
| 106 | @ar | |
| 200 | 1 | @a2019年全国政策性粮食库存大清查培训教材@92 0 1 9 nian quan guo zheng ce xing liang shi ku cun da qing cha pei xun jiao cai@f全国政策性粮食库存数量和质量大清查部际协调机制办公室编著 |
| 210 | @a北京@c中国海关出版社@d2019.4 | |
| 215 | @a228页@d24cm | |
| 330 | @a为了帮助各级粮食行政管理部门和相关企业全面了解、掌握国家库存粮食管理政策,做好2019年全国政策性粮食库存数量和质量大清查工作,提高各地粮食库存管理能力和水平,大清查部际协调机制办公室编写了《2019年全国政策性粮食库存大清查培训教材》,包括全国政策性粮食库存数量和质量大清查文件规定、政策解读及粮食库存检查、记账等的方法讲解,供读者学习使用。 | |
| 606 | 0 | @a粮食@x库存@x检查@y中国@j教材 |
| 690 | @aD922.44@v5 | |
| 701 | 0 | @a全国政策性粮食库存数量和质量大清查部际协调机制办公室@9quan guo zheng ce xing liang shi ku cun shu liang he zhi liang da qing cha bu ji xie tiao ji zhi ban gong shi@4编著 |
| 801 | 2 | @aCN@b上海新华@c20191020 |
| 905 | @b1099083-6@dD922.44@e2062@f4 | |
| 2019年全国政策性粮食库存大清查培训教材/全国政策性粮食库存数量和质量大清查部际协调机制办公室编著.-北京:中国海关出版社,2019.4 |
| 228页;24cm |
| ISBN 978-7-5175-0356-9:CNY38.00 |
| 为了帮助各级粮食行政管理部门和相关企业全面了解、掌握国家库存粮食管理政策,做好2019年全国政策性粮食库存数量和质量大清查工作,提高各地粮食库存管理能力和水平,大清查部际协调机制办公室编写了《2019年全国政策性粮食库存大清查培训教材》,包括全国政策性粮食库存数量和质量大清查文件规定、政策解读及粮食库存检查、记账等的方法讲解,供读者学习使用。 |
| ● |
| 相关链接 |
|
|
|
|
正题名:2019年全国政策性粮食库存大清查培训教材
索取号:D922.44/2062
 
预约/预借
| 序号 | 登录号 | 条形码 | 馆藏地/架位号 | 状态 | 备注 |
| 1 | 1099083 | 210990837 | 第一样本阅览室/ [索取号:D922.44/2062] | 在馆 | |
| 2 | 1099084 | 210990846 | 第一借阅区/ [索取号:D922.44/2062] | 在馆 | |
| 3 | 1099085 | 210990855 | 第一借阅区/ [索取号:D922.44/2062] | 在馆 | |
| 4 | 1099086 | 210990864 | 第一借阅区/ [索取号:D922.44/2062] | 在馆 |